| 000 | 00359nam a22001457a 4500 | ||
|---|---|---|---|
| 020 | _a1118063333 | ||
| 082 | _a005.447 | ||
| 100 | _aSilberschatz,Abraham | ||
| 245 | _aOperating System Concept Window XP Updated WIth Java | ||
| 250 | _a7th ed. | ||
| 260 |
_aNew Delhi : _bWiley, _c2004. |
||
| 300 |
_a921 p. ; _b23 cm. |
||
| 500 | _aPaperback. | ||
| 942 | _cBK | ||
| 999 |
_c34134 _d34134 |
||